LEADER 01628nas 2200565-a 450 001 996200125703316 005 20230215213018.0 035 $a(OCoLC)477203533 035 $a(CKB)1000000000800847 035 $a(CONSER)--2009243802 035 $a(DE-599)ZDB2590698-7 035 $a(EXLCZ)991000000000800847 100 $a20091116a20099999 --- - 101 0 $aeng 135 $aur||||||||||| 181 $ctxt$2rdacontent 182 $cc$2rdamedia 183 $acr$2rdacarrier 200 00$aEpidemiology and health 210 $aSeoul $cKorean Society of Epidemiology$dİ2009- 215 $a1 online resource 300 $aRefereed/Peer-reviewed 311 $a2092-7193 517 1 $aEpiH 531 $aEPIDEMIOL HEALTH 531 0 $aEpidemiol. health 606 $aEpidemiology$vPeriodicals 606 $aEpidemiology$xResearch$zKorea (South)$vPeriodicals 606 $aEpidemiology 606 $aEpidemiology$2fast$3(OCoLC)fst00914091 606 $aEpidemiology$xResearch$2fast$3(OCoLC)fst00914102 607 $aKorea 607 $aKorea (South) 607 $aKorea (South)$2fast 608 $aPeriodical. 608 $aFulltext. 608 $aInternet Resources. 608 $aPeriodicals. 608 $aPeriodicals.$2fast 610 $aEpidemiology & Epidemics 615 0$aEpidemiology 615 0$aEpidemiology$xResearch 615 12$aEpidemiology. 615 7$aEpidemiology. 615 7$aEpidemiology$xResearch. 712 02$aHan'guk Y?k Hakhoe. 906 $aJOURNAL 912 $a996200125703316 996 $aEpidemiology and health$92039894 997 $aUNISA LEADER 01419aam 2200409I 450 001 9910710294503321 005 20151118015331.0 024 8 $aGOVPUB-C13-78f83c27b72a6ea3e166b7aaeb30ed73 035 $a(CKB)5470000002476337 035 $a(OCoLC)929883771 035 $a(EXLCZ)995470000002476337 100 $a20151118d1979 ua 0 101 0 $aeng 181 $2rdacontent 182 $2rdamedia 183 $2rdacarrier 200 10$aInterlaboratory programs for rubber $eAnalyses no. 37 July-September 1978 /$fJ. Horlick; T. L. Cummings; G. W. Bullman 210 1$aGaithersburg, MD :$cU.S. Dept. of Commerce, National Institute of Standards and Technology,$d1979. 215 $a1 online resource 225 1 $aNBSIR ;$v79-1365 300 $a1979. 300 $aContributed record: Metadata reviewed, not verified. Some fields updated by batch processes. 300 $aTitle from PDF title page. 320 $aIncludes bibliographical references. 517 $aInterlaboratory programs for rubber 700 $aHorlick$b J$01386491 701 $aBullman$b G. W$01386492 701 $aCummings$b T. L$01386493 701 $aHorlick$b J$01386491 712 02$aUnited States.$bNational Bureau of Standards. 801 0$bNBS 801 1$bNBS 801 2$bGPO 906 $aBOOK 912 $a9910710294503321 996 $aInterlaboratory programs for rubber$93435446 997 $aUNINA